MARC

LEADER 00000nam0a2200000 4500
001 251707
005 20231101232700.0
010 |a 5110005677 
020 |a RU  |b 89-27946 
035 |a (RuTPU)RU\TPU\book\274015 
090 |a 251707 
100 |a 20140224d1989 k y0rusy5003 ca 
101 0 |a rus 
102 |a UA 
105 |a a z 001zy 
200 1 |a Укрупненное нормирование труда  |f О. Е. Кузьмин, Л. Н. Москаленко 
210 |a Львов  |c Выща школа  |c Изд-во при Львов. гос. ун-те  |d 1989 
215 |a 111,[1] с.  |c ил. 
320 |a Библиогр.: с. 110-111 (53 назв.). 
606 1 |a Промышленные предприятия  |x Нормативное хозяйство  |x Нормирование расхода материалов  |2 stltpush  |3 (RuTPU)RU\TPU\subj\52615  |9 71022 
610 1 |a приборостроение 
610 1 |a тхническое нормирование 
610 1 |a укрупненные нормы 
610 1 |a укрупненные показатели 
610 1 |a трудоемкость 
610 1 |a производство 
610 1 |a технический уровень 
610 1 |a монографии 
675 |a 658.53  |z rus  |v 3 
700 1 |a Кузьмин  |b О. Е.  |g Олег Евгеньевич 
701 1 |a Москаленко  |b Л. Н.  |g Лидия Никифоровна 
801 0 |a RU  |b RuMRKP  |c 19950417  |g psbo 
801 1 |a RU  |b 63413507  |c 20140224 
801 2 |a RU  |b 63413507  |c 20140407  |g RCR 
942 |c BK